Bytový dom
Enregistré dans:
| Auteur principal: | |
|---|---|
| Autres auteurs: | |
| Format: | Manuscrit Livre |
| Langue: | slovaque |
| Publié: |
Bratislava :
STU v Bratislave SvF,
2014
|
| Sujets: | |
| Accès en ligne: | VAIS https://opac.crzp.sk/?fn=detailBiblioForm&sid=82386B00AE44A4A3DEBC1BC7375F |
| Tags: |
Pas de tags, Soyez le premier à ajouter un tag!
|
MARC
| LEADER | 00000ntm a22000003a 4500 | ||
|---|---|---|---|
| 001 | stu297453 | ||
| 005 | 20231010092620.8 | ||
| 008 | 140919s2014----xo------------------slo-d | ||
| 040 | |a STU |b slo | ||
| 041 | 0 | |a slo | |
| 044 | |a xo | ||
| 100 | 1 | |a Vitek, Ondrej, |d 1990- |4 aut |u V |T SvF Stavebná fakulta |X 74016 |U V |Y 10 |7 A000074016 | |
| 245 | 1 | |a Bytový dom | |
| 260 | |a Bratislava : |b STU v Bratislave SvF, |c 2014 | ||
| 650 | 7 | |a project |2 estusub | |
| 650 | 7 | |a byty |2 stusub | |
| 650 | 7 | |a pozemné stavby a architektúra |2 stusub | |
| 700 | 1 | |a Žilinský, Juraj, |d 1953- |4 ths |u V180 |U SvF Stavebná fakulta |T SvF Katedra konštrukcií pozemných stavieb |X 556 |U V180 |Y 18 |7 A000000556 | |
| 856 | 4 | |a info a plný text |u http://is.stuba.sk/zp/portal_zp.pl?podrobnosti=81072 |3 VAIS | |
| 856 | 4 | |a CRZP |u https://opac.crzp.sk/?fn=detailBiblioForm&sid=82386B00AE44A4A3DEBC1BC7375F | |